77_表記が4文字以上の市区町村 - Statistics

General Stats
  • This quiz has been taken 64 times
  • The average score is 64 of 74
Answer Stats
表記
文字
読み
文字
都道府
県名
種類 市区町村名 % Correct
4 4 東京都 あきる野市
96%
4 5 静岡県 伊豆の国市
96%
4 4 青森県 おいらせ町
93%
4 5 広島県 安芸高田市
93%
4 6 栃木県 那須塩原市
93%
4 7 福島県 会津若松市
93%
4 8 愛媛県 四国中央市
93%
5 7 山梨県 南アルプス市
93%
6 7 鹿児島県 いちき串木野市
93%
4 4 香川県 まんのう町
91%
4 5 高知県 土佐清水市
91%
4 6 香川県 東かがわ市
91%
4 6 大分県 豊後高田市
91%
4 7 鹿児島県 薩摩川内市
91%
4 7 栃木県 那須烏山市
91%
6 6 茨城県 つくばみらい市
91%
4 4 埼玉県 ときがわ町
89%
4 5 島根県 隠岐の島町
89%
4 5 北海道 中富良野町
89%
4 6 北海道 音威子府村
89%
4 6 大分県 豊後大野市
89%
4 6 兵庫県 南あわじ市
89%
4 6 北海道 南富良野町
89%
4 7 滋賀県 近江八幡市
89%
4 7 東京都 武蔵村山市
89%
4 7 岩手県 陸前高田市
89%
5 7 山梨県 富士河口湖町
89%
6 6 茨城県 かすみがうら市
89%
4 4 熊本県 あさぎり町
87%
4 4 埼玉県 ふじみ野市
87%
4 4 群馬県 みなかみ町
87%
4 4 岐阜県 美濃加茂市
87%
4 5 山梨県 富士吉田市
87%
4 6 大阪府 河内長野市
87%
4 6 和歌山県 那智勝浦町
87%
4 6 東京都 東久留米市
87%
4 6 鹿児島県 南さつま市
87%
4 6 奈良県 大和高田市
87%
4 7 大阪府 大阪狭山市
87%
4 7 茨城県 常陸大宮市
87%
4 7 石川県 宝達志水町
87%
4 7 秋田県 由利本荘市
87%
4 8 千葉県 大網白里市
87%
4 8 奈良県 大和郡山市
87%
5 5 茨城県 ひたちなか市
87%
4 4 埼玉県 さいたま市
85%
4 5 広島県 安芸太田町
85%
4 5 京都府 宇治田原町
85%
4 5 北海道 上富良野町
85%
4 5 愛知県 北名古屋市
85%
4 6 福島県 会津坂下町
85%
4 6 青森県 五所川原市
85%
4 6 茨城県 常陸太田市
85%
4 7 兵庫県 丹波篠山市
85%
5 7 山口県 山陽小野田市
85%
4 5 秋田県 上小阿仁村
83%
4 5 北海道 新ひだか町
83%
4 5 佐賀県 吉野ヶ里町
83%
4 6 福島県 会津美里町
83%
4 6 千葉県 九十九里町
83%
4 6 愛媛県 久万高原町
83%
4 7 長崎県 新上五島町
83%
4 4 和歌山県 かつらぎ町
80%
4 6 徳島県 東みよし町
80%
4 7 岡山県 吉備中央町
80%
4 7 山口県 周防大島町
80%
4 6 北海道 新十津川町
78%
4 7 山梨県 市川三郷町
78%
4 7 大阪府 千早赤阪村
78%
4 7 長野県 野沢温泉村
78%
4 8 広島県 神石高原町
78%
4 5 徳島県 佐那河内村
70%
4 8 広島県 大崎上島町
70%
4 5 北海道 利尻富士町
67%
No matching quizzes found
Score Distribution
Percent of People with Each Score
Percentile by Number Answered
Your Score History
You have not taken this quiz